La traducción y la letra o el albergue de lo lejano

Enregistré dans:
Détails bibliographiques
Auteur principal: Berman, Antoine (Auteur)
Format: Livre
Langue:espagnol
Publié: Buenos Aires Dedalus Editores 2014
Édition:1a. ed
Collection:Colección Ciencias Humanas
Sujets:
Tags: Ajouter un tag
Pas de tags, Soyez le premier à ajouter un tag!

MARC

LEADER 00000cam a2200000 a 4500
001 UCD8557
003 CL-VaPUC
008 170519e20140000ag |||||||||||||||||spa|d
020 |a 9789872820053 
082 0 4 |a 418.02  |b BER  |2 21 
100 0 |a Berman, Antoine  |e author  |9 592081 
245 1 3 |a La traducción y la letra o el albergue de lo lejano 
250 |a 1a. ed 
300 |a 162 p 
942 |c BK 
945 |d 20170519 15:42:00  |a dcastane 
260 |a Buenos Aires  |b Dedalus Editores  |c 2014 
650 0 |a Traducción e interpretación  |9 315998 
650 0 |a Filosofía del lenguaje  |9 257082 
650 0 |a Lingüística  |9 265068 
583 |a last modification  |c 20170519 15:42:00  |k Rodrigo Vera 
490 0 |a Colección Ciencias Humanas 
999 |c 367939  |d 367937 
952 |0 0  |1 0  |3 erb  |4 0  |6 418_020000000000000_BER_2014  |7 0  |8 A  |9 483160  |a BIBART  |b BIBART  |i 5376084  |o 418.02 BER 2014  |p 5376084  |r 2025-03-13  |w 2019-11-24  |y BK  |z Catalogado en:20170519  |k ART